| 000 | 00423nam a2200169Ia 4500 | ||
|---|---|---|---|
| 008 | 170705s9999 xx 000 0 und d | ||
| 020 | _a9780545425100 | ||
| 245 | _aDream big little pig! / | ||
| 245 | _cKristi Yamaguchi ; illustrated by Tim Bowers. | ||
| 260 | _aNew York : | ||
| 260 | _bScholastic, | ||
| 260 | _c2011 | ||
| 300 | _aunpaged : | ||
| 300 | _bcolor illustration ; | ||
| 300 | _c24cm. | ||
| 500 | _a590 | ||
| 999 |
_c335904 _d335904 |
||